HI-FI and stereophonic sound (Record no. 45507)

MARC details
000 -LEADER
fixed length control field 00522nam a2200145 a 4500
008 - FIXED-LENGTH DATA ELEMENTS--GENERAL INFORMATION
fixed length control field 120416s1964 ||||||||||||||||| || u
050 ## - LIBRARY OF CONGRESS CALL NUMBER
Classification number TK 7882.S7 Mal
100 ## - MAIN ENTRY--PERSONAL NAME
Personal name Mallory, Laurence
245 10 - TITLE STATEMENT
Title HI-FI and stereophonic sound
250 ## - EDITION STATEMENT
Edition statement 2nd. ed
260 ## - PUBLICATION, DISTRIBUTION, ETC.
Place of publication, distribution, etc. Surrey
Name of publisher, distributor, etc. Elliot Right Way Books
Date of publication, distribution, etc. 1964
300 ## - PHYSICAL DESCRIPTION
Extent (v), 123p. : ill
350 ## - PRICE (NR) (BK AM CF MU VM SE) [OBSOLETE]
Price 0.00
995 ## - RECOMMENDATION 995 [LOCAL, UNIMARC FRANCE]
-- 0.00
-- CBU-MAIN LIBRARY (Kitwe)
-- 1
-- 1.00
-- WEEDED
-- Jul 26, 2017
-- Main Library Open Access Collection
Holdings
Withdrawn status Lost status Source of classification or shelving scheme Damaged status Not for loan Home library Current library Shelving location Date acquired Total Checkouts Full call number Barcode Date last seen Price effective from Koha item type
          CBU-MAIN LIBRARY, KITWE. CBU-MAIN LIBRARY, KITWE.   11/30/2022   TK 7882.S7 Mal 017073 11/30/2022 11/30/2022 MONOGRAPH